[Event "Online Olym Div2 A"]
[Site "Chess.com INT"]
[Date "2021.09.03"]
[Round "6.5"]
[White "Mouradian, Knarik Jacob"]
[Black "Gong, Qianyun"]
[Result "1/2-1/2"]
[WhiteElo "2121"]
[BlackElo "2347"]
[PlyCount "184"]
[EventDate "2021.09.02"]
[EventType "team (rapid)"]
[EventRounds "9"]
[EventCountry "USA"]
[SourceTitle "CBM 204 Extra"]
[Source "ChessBase"]
[SourceDate "2021.11.30"]
[SourceVersion "1"]
[SourceVersionDate "2021.11.30"]
[SourceQuality "1"]
[WhiteTeam "Lebanon"]
[BlackTeam "Singapore"]
[WhiteTeamCountry "LBN"]
[BlackTeamCountry "SIN"]

1. e4 e6 2. d3 c5 3. Nf3 Nc6 4. g3 g6 5. Bg2 Bg7 6. c3 e5 7. Be3 d6 8. 0-0 Nge7 9. Qd2 0-0 10. Bh6 f5 11. Bxg7 Kxg7 12. exf5 Bxf5 13. Nh4 Be6 14. Na3 Qd7 15. Nc2 h6 16. d4 g5 17. Nf3 Bh3 18. dxc5 Bxg2 19. Kxg2 e4 20. Ng1 d5 21. Ne3 Rad8 22. Rad1 Qe6 23. b4 a6 24. Qe2 Ne5 25. f4 gxf4 26. gxf4 Nd3 27. Kh1 Nxf4 28. Qb2 Nd3 29. Qg2+ Kh7 30. Qh3 Qg6 31. Qh4 Nc6 32. Nh3 Nce5 33. Rg1 Nf3 34. Qe7+ Qf7 35. Qxf7+ Rxf7 36. Rg3 Nfe5 37. Kg2 Ng6 38. Rf1 Ngf4+ 39. Nxf4 Nxf4+ 40. Kh1 Rdf8 41. Rd1 Nd3 42. Kg2 Rf2+ 43. Kg1 Rxa2 44. Nxd5 Rff2 45. Rf1 Rxf1+ 46. Kxf1 Rf2+ 47. Kg1 Rf5 48. Ne3 Re5 49. Nc4 Re6 50. Kf1 Nf4 51. Nd6 b5 52. Re3 Nd5 53. Rxe4 Rf6+ 54. Ke1 Nxc3 55. Re7+ Kg6 56. Ne8 Rc6 57. Nd6 Nd5 58. Re6+ Kh7 59. Re4 a5 60. bxa5 Rxc5 61. a6 b4 62. Nb7 Rc1+ 63. Kd2 Ra1 64. Rd4 Nf6 65. Nc5 Ra5 66. Nd3 Rxa6 67. Nxb4 Ra4 68. Rf4 Kg6 69. h4 Ra3 70. Nd3 Ra2+ 71. Ke1 Ra5 72. Kf2 h5 73. Kg2 Rd5 74. Nf2 Rd2 75. Kg3 Ra2 76. Ne4 Ra3+ 77. Kg2 Ng4 78. Ng5 Ne3+ 79. Kf2 Nf5 80. Rb4 Nxh4 81. Rxh4 Kxg5 82. Rb4 Ra2+ 83. Kf3 Ra3+ 84. Kf2 h4 85. Kg2 Ra2+ 86. Kh3 Ra3+ 87. Kg2 Rg3+ 88. Kh2 Re3 89. Rb5+ Kg4 90. Rb4+ Kg5 91. Rb5+ Kg4 92. Rb4+ Kg5 1/2-1/2

[Event "Online Olym Div2 A"]
[Site "Chess.com INT"]
[Date "2021.09.02"]
[Round "3.2"]
[White "Mouradian, Knarik Jacob"]
[Black "Magpily, Francois Marie"]
[Result "0-1"]
[WhiteElo "2121"]
[BlackElo "1757"]
[PlyCount "48"]
[EventDate "2021.09.02"]
[EventType "team (rapid)"]
[EventRounds "9"]
[EventCountry "USA"]
[SourceTitle "CBM 204 Extra"]
[Source "ChessBase"]
[SourceDate "2021.11.30"]
[SourceVersion "1"]
[SourceVersionDate "2021.11.30"]
[SourceQuality "1"]
[WhiteTeam "Lebanon"]
[BlackTeam "Philippines"]
[WhiteTeamCountry "LBN"]
[BlackTeamCountry "PHI"]

1. e4 e5 2. Bc4 f5 3. exf5 Nf6 4. d3 d5 5. Bb3 Bxf5 6. Bg5 c6 7. Nf3 Bd6 8. Nc3 Nbd7 9. h3 0-0 10. 0-0 Qc7 11. Re1 Rae8 12. Ne4 Kh8 13. Nxd6 Qxd6 14. Bh4 e4 15. Bg3 Qb4 16. c3 Qb6 17. Nh4 Be6 18. d4 g5 19. Bd6 Rf7 20. g4 gxh4 21. Kh1 c5 22. dxc5 Nxc5 23. Be5 Nd3 24. Bxf6+ Rxf6 0-1

[Event "Online Olym Div3 B"]
[Site "Chess.com INT"]
[Date "2021.08.29"]
[Round "7.5"]
[White "Mouradian, Knarik Jacob"]
[Black "Abdulzahra, Sali Abbas"]
[Result "1-0"]
[WhiteElo "2121"]
[BlackElo "1919"]
[PlyCount "65"]
[EventDate "2021.08.27"]
[EventType "team-tourn (rapid)"]
[EventRounds "9"]
[EventCountry "USA"]
[SourceTitle "CBM 204 Extra"]
[Source "ChessBase"]
[SourceDate "2021.11.30"]
[SourceVersion "1"]
[SourceVersionDate "2021.11.30"]
[SourceQuality "1"]
[WhiteTeam "Lebanon"]
[BlackTeam "Iraq"]
[WhiteTeamCountry "LBN"]
[BlackTeamCountry "IRQ"]

1. e4 e6 2. d3 c5 3. Nf3 Nc6 4. g3 Nge7 5. Bg2 g6 6. 0-0 Bg7 7. c3 0-0 8. Re1 d6 9. d4 b5 10. d5 exd5 11. exd5 Nb8 12. Bg5 f6 13. Be3 Na6 14. Na3 Rb8 15. Nc2 Bb7 16. a4 Bxd5 17. axb5 Nc7 18. Rxa7 Rxb5 19. b4 cxb4 20. Nxb4 Bf7 21. Qe2 Rb8 22. Bd4 Nc8 23. Nc6 Qe8 24. Rxc7 Qxe2 25. Rxe2 Nb6 26. Nxb8 Rxb8 27. Ree7 Nd5 28. Rxf7 Nxc7 29. Rxc7 Rd8 30. Ng5 Re8 31. Bd5+ Kh8 32. Nf7+ Kg8 33. Nxd6+ 1-0

[Event "Online Olym Div3 B"]
[Site "Chess.com INT"]
[Date "2021.08.29"]
[Round "8.2"]
[White "Vilhete, Vania Fausto da T"]
[Black "Mouradian, Knarik Jacob"]
[Result "0-1"]
[WhiteElo "1753"]
[BlackElo "2121"]
[PlyCount "94"]
[EventDate "2021.08.27"]
[EventType "team-tourn (rapid)"]
[EventRounds "9"]
[EventCountry "USA"]
[SourceTitle "CBM 204 Extra"]
[Source "ChessBase"]
[SourceDate "2021.11.30"]
[SourceVersion "1"]
[SourceVersionDate "2021.11.30"]
[SourceQuality "1"]
[WhiteTeam "Mozambique"]
[BlackTeam "Lebanon"]
[WhiteTeamCountry "MOZ"]
[BlackTeamCountry "LBN"]

1. d4 d5 2. c4 c6 3. e3 Nf6 4. Nf3 e6 5. Bd3 Nbd7 6. Nbd2 Be7 7. 0-0 0-0 8. b3 b6 9. Bb2 Bb7 10. Rc1 Rc8 11. Re1 c5 12. Bb1 Re8 13. Qc2 dxc4 14. bxc4 cxd4 15. Nxd4 Bb4 16. Red1 Qe7 17. Qb3 a6 18. N2f3 Ne4 19. a3 Bc5 20. Qd3 Red8 21. Nd2 Ndf6 22. Qb3 Rd7 23. Nxe4 Nxe4 24. Bxe4 Bxe4 25. f3 Bb7 26. Qc3 f6 27. Ne2 Rcd8 28. Rxd7 Qxd7 29. Nd4 e5 30. Nb3 e4 31. Nxc5 bxc5 32. f4 Qa4 33. Qc2 Qxc2 34. Rxc2 Rd3 35. Kf2 Bc6 36. Ke2 Ba4 37. Rd2 Rb3 38. g3 Kf7 39. h3 f5 40. g4 g6 41. g5 Ke6 42. h4 Rb7 43. Be5 Bb3 44. Rd6+ Ke7 45. Rxa6 Bxc4+ 46. Kd2 Bxa6 47. Kc3 c4 0-1

[Event "Online Olym Div3 B"]
[Site "Chess.com INT"]
[Date "2021.08.28"]
[Round "5.5"]
[White "Kanyamarala, Trisha"]
[Black "Mouradian, Knarik Jacob"]
[Result "1/2-1/2"]
[WhiteElo "2180"]
[BlackElo "2121"]
[PlyCount "46"]
[EventDate "2021.08.27"]
[EventType "team-tourn (rapid)"]
[EventRounds "9"]
[EventCountry "USA"]
[SourceTitle "CBM 204 Extra"]
[Source "ChessBase"]
[SourceDate "2021.11.30"]
[SourceVersion "1"]
[SourceVersionDate "2021.11.30"]
[SourceQuality "1"]
[WhiteTeam "Ireland"]
[BlackTeam "Lebanon"]
[WhiteTeamCountry "IRL"]
[BlackTeamCountry "LBN"]

1. d4 d5 2. c4 c6 3. cxd5 cxd5 4. Bf4 Nc6 5. e3 Nf6 6. Nc3 Bf5 7. Qb3 Qd7 8. Nf3 e6 9. Ne5 Qc8 10. Nxc6 bxc6 11. Be2 Be7 12. Rc1 0-0 13. 0-0 Qd7 14. Na4 Ne4 15. Qd1 g5 16. Be5 f6 17. Bg3 Nxg3 18. hxg3 Rab8 19. b3 Ba3 20. Rc3 Bb4 21. Rc1 Ba3 22. Rc3 Bb4 23. Rc1 Ba3 1/2-1/2

[Event "Online Olym Div3 B"]
[Site "Chess.com INT"]
[Date "2021.08.28"]
[Round "6.1"]
[White "Mahmoud, Roula"]
[Black "Mouradian, Knarik Jacob"]
[Result "0-1"]
[WhiteElo "1765"]
[BlackElo "2121"]
[PlyCount "84"]
[EventDate "2021.08.27"]
[EventType "team-tourn (rapid)"]
[EventRounds "9"]
[EventCountry "USA"]
[SourceTitle "CBM 204 Extra"]
[Source "ChessBase"]
[SourceDate "2021.11.30"]
[SourceVersion "1"]
[SourceVersionDate "2021.11.30"]
[SourceQuality "1"]
[WhiteTeam "Syria"]
[BlackTeam "Lebanon"]
[WhiteTeamCountry "SYR"]
[BlackTeamCountry "LBN"]

1. e4 c5 2. Nf3 d6 3. d4 cxd4 4. Nxd4 Nf6 5. Nc3 a6 6. Be2 e5 7. Nf3 Be7 8. 0-0 0-0 9. h3 h6 10. Be3 Be6 11. Qd2 Nbd7 12. Rad1 b5 13. a3 Rc8 14. Nh2 Qc7 15. f4 Nb6 16. g4 Bc4 17. g5 hxg5 18. fxg5 Nfd7 19. Kh1 Nc5 20. Ng4 Qb7 21. Nf6+ gxf6 22. gxf6 Nxe4 23. Nxe4 Bxe2 24. Qxe2 Qxe4+ 25. Kh2 Rxc2 26. Rd2 Rxd2 27. Qxd2 Bxf6 28. Rxf6 Nc4 29. Qf2 Nxe3 30. Qg3+ Kh7 31. Qg5 Qc2+ 32. Kh1 Qd1+ 33. Kh2 Qd2+ 34. Kh1 Qc1+ 35. Qg1 Qxg1+ 36. Kxg1 Nc4 37. Rf2 f5 38. Kh2 f4 39. h4 Ne3 40. Kh3 Rg8 41. h5 Rg3+ 42. Kh4 Nf5# 0-1

[Event "Online Olym Div4 A"]
[Site "Chess.com INT"]
[Date "2021.08.21"]
[Round "4.1"]
[White "Mehak, Gul"]
[Black "Mouradian, Knarik Jacob"]
[Result "0-1"]
[WhiteElo "1533"]
[BlackElo "2121"]
[PlyCount "84"]
[EventDate "2021.08.20"]
[EventType "team (rapid)"]
[EventRounds "11"]
[EventCountry "USA"]
[SourceTitle "CBM 203 Extra"]
[Source "ChessBase"]
[SourceDate "2021.09.30"]
[SourceVersion "1"]
[SourceVersionDate "2021.09.30"]
[SourceQuality "1"]
[WhiteTeam "Pakistan"]
[BlackTeam "Lebanon"]
[WhiteTeamCountry "PAK"]
[BlackTeamCountry "LBN"]

1. d4 d5 2. Nf3 c6 3. g3 Nf6 4. Bg2 Bf5 5. a3 h6 6. 0-0 Nbd7 7. Bf4 e6 8. Re1 Be7 9. Nc3 0-0 10. Rc1 Rc8 11. Nd2 c5 12. Nf3 Ne4 13. Nxe4 Bxe4 14. c3 Qb6 15. dxc5 Bxc5 16. Rf1 Qxb2 17. Nd2 Bxg2 18. Kxg2 Qxa3 19. Qb3 Qxb3 20. Nxb3 Bb6 21. Rfd1 Nc5 22. Nxc5 Bxc5 23. Kf3 Rc6 24. Be3 Bxe3 25. Kxe3 Rfc8 26. Kd3 b5 27. Rd2 Kf8 28. Rb2 a6 29. f4 Ke7 30. e3 f6 31. Rb3 Rc4 32. Rc2 Kd6 33. Ra2 R8c6 34. Rc2 e5 35. fxe5+ fxe5 36. Rb4 Rxb4 37. cxb4 Rxc2 38. Kxc2 d4 39. exd4 exd4 40. Kd3 Kd5 41. g4 g5 42. h3 Ke5 0-1

[Event "Mediterranean-ch 10th"]
[Site "Beirut"]
[Date "2015.10.20"]
[Round "4"]
[White "Ishoo, Younan"]
[Black "Mouradian, Knarik Jacob"]
[Result "1-0"]
[WhiteElo "2070"]
[BlackElo "2151"]
[PlyCount "73"]
[EventDate "2015.10.16"]
[EventType "swiss"]
[EventRounds "9"]
[EventCountry "LBN"]
[SourceTitle "EXT 2018"]
[Source "ChessBase"]
[SourceDate "2017.10.13"]
[SourceVersion "1"]
[SourceVersionDate "2017.10.13"]
[SourceQuality "1"]

1. e4 c5 2. Nf3 d6 3. d4 Nf6 4. Nc3 cxd4 5. Nxd4 a6 6. Be2 e5 7. Nb3 Be7 8. 0-0 0-0 9. Be3 Be6 10. f4 exf4 11. Bxf4 Nc6 12. Kh1 Rc8 13. Nd4 Ne5 14. Nxe6 fxe6 15. Bxe5 dxe5 16. Bd3 Bb4 17. Nb1 Kh8 18. a3 Ba5 19. b4 Bb6 20. Nd2 Qe8 21. Qe2 Qg6 22. Rf3 Nh5 23. Raf1 Kg8 24. g3 Nf6 25. Bc4 Ng4 26. Kg2 Rxf3 27. Rxf3 Qh6 28. Nf1 Qg6 29. h3 Nh6 30. g4 Nf7 31. Ng3 Ng5 32. Rf5 Kh8 33. Rf1 Qh6 34. h4 Nxe4 35. Qxe4 Qd2+ 36. Kh3 g6 37. Qxe5+ 1-0

[Event "Francophone-ch 3rd"]
[Site "Montreal"]
[Date "2015.07.24"]
[Round "8"]
[White "Mouradian, Knarik Jacob"]
[Black "Turcotte, Jonathan"]
[Result "1/2-1/2"]
[WhiteElo "2170"]
[BlackElo "1999"]
[PlyCount "58"]
[EventDate "2015.07.17"]
[EventType "swiss"]
[EventRounds "9"]
[EventCountry "CAN"]
[SourceTitle "EXT 2016"]
[Source "ChessBase"]
[SourceDate "2015.10.08"]
[SourceVersion "1"]
[SourceVersionDate "2015.10.08"]
[SourceQuality "1"]

1. e4 c6 2. d3 d5 3. Nd2 e5 4. Ngf3 Bd6 5. g3 Nf6 6. Bg2 0-0 7. 0-0 Re8 8. Re1 a5 9. a4 Na6 10. b3 Nc5 11. Bb2 dxe4 12. dxe4 Bc7 13. Qe2 Bg4 14. h3 Bh5 15. Rad1 Qe7 16. Ba3 b6 17. g4 Bg6 18. Nh4 Rad8 19. Nxg6 hxg6 20. Qe3 Rd7 21. Nc4 Red8 22. Rxd7 Nfxd7 23. Qc3 Ra8 24. Ne3 Nf8 25. Bxc5 Qxc5 26. Qxc5 bxc5 27. Rd1 Rd8 28. Rxd8 Bxd8 29. Nc4 Bc7 1/2-1/2

[Event "Olympiad Women-41"]
[Site "Tromsoe"]
[Date "2014.08.14"]
[Round "11.1"]
[White "Mouradian, Knarik Jacob"]
[Black "Heredia Serrano, Carla Sofia"]
[Result "1/2-1/2"]
[WhiteElo "2188"]
[BlackElo "2168"]
[PlyCount "90"]
[EventDate "2014.08.02"]
[EventType "team-swiss"]
[EventRounds "11"]
[EventCountry "NOR"]
[SourceTitle "CBM 162"]
[Source "ChessBase"]
[SourceDate "2014.09.17"]
[SourceVersion "1"]
[SourceVersionDate "2014.09.17"]
[SourceQuality "1"]
[WhiteTeam "Lebanon (W)"]
[BlackTeam "Ecuador (W)"]
[WhiteTeamCountry "LBN"]
[BlackTeamCountry "ECU"]

1. e4 e6 2. d4 d5 3. Nc3 Bb4 4. Nge2 Nf6 5. Bg5 dxe4 6. a3 Be7 7. Bxf6 Bxf6 8. Nxe4 0-0 9. Qd2 Nc6 10. 0-0-0 b6 11. h4 Bb7 12. f3 Bxh4 13. g3 Bf6 14. g4 h6 15. Bg2 Na5 16. f4 Be7 17. N2c3 f5 18. gxf5 exf5 19. Ng3 Nc4 20. Qe2 Bxg2 21. Qxg2 Ne3 22. Qg1 Nxd1 23. Nxd1 c5 24. dxc5 Bxc5 25. Qg2 Kh8 26. Nh5 Rf7 27. Qg6 Qf8 28. Nc3 Be3+ 29. Kb1 Rd8 30. Nb5 Rfd7 31. Rh3 Bc5 32. b3 a6 33. Nc3 Bxa3 34. Nd5 Rxd5 35. Nxg7 Qxg7 36. Rxh6+ Kg8 37. Qe6+ Qf7 38. Rg6+ Kf8 39. Rf6 Qxf6 40. Qxf6+ Ke8 41. Qe6+ Kf8 42. Qf6+ Kg8 43. Qg6+ Kf8 44. Qf6+ Ke8 45. Qe6+ Kf8 1/2-1/2

[Event "Olympiad Women-41"]
[Site "Tromsoe"]
[Date "2014.08.12"]
[Round "10.1"]
[White "Gamboa Alvarado, Olga Leticia"]
[Black "Mouradian, Knarik Jacob"]
[Result "1-0"]
[WhiteElo "1899"]
[BlackElo "2188"]
[PlyCount "79"]
[EventDate "2014.08.02"]
[EventType "team-swiss"]
[EventRounds "11"]
[EventCountry "NOR"]
[SourceTitle "CBM 162"]
[Source "ChessBase"]
[SourceDate "2014.09.17"]
[SourceVersion "1"]
[SourceVersionDate "2014.09.17"]
[SourceQuality "1"]
[WhiteTeam "Costa Rica (W)"]
[BlackTeam "Lebanon (W)"]
[WhiteTeamCountry "CRI"]
[BlackTeamCountry "LBN"]

1. d4 Nf6 2. c4 g6 3. Nc3 Bg7 4. e4 d6 5. Be2 0-0 6. Bg5 Na6 7. f4 c6 8. Nf3 Nc7 9. 0-0 d5 10. cxd5 cxd5 11. e5 Ne4 12. Bh4 Ne6 13. Ng5 N6xg5 14. fxg5 Be6 15. Bg4 Bxg4 16. Qxg4 Nxc3 17. bxc3 Rc8 18. Rf3 e6 19. Raf1 Qa5 20. Rh3 Qxa2 21. Be1 Qc2 22. Qh4 Rfd8 23. Qxh7+ Kf8 24. Rhf3 Rc7 25. h4 Qe4 26. Rf4 Qe3+ 27. Kh1 Rdd7 28. Qxg6 Kg8 29. Qh5 Qd3 30. Qg4 Qh7 31. h5 a5 32. Kg1 Re7 33. g6 fxg6 34. hxg6 Qh8 35. R1f3 Bh6 36. Rf6 Rc6 37. g7 Rxg7 38. Rf8+ Kh7 39. Rxh8+ Kxh8 40. Qh5 1-0

[Event "Olympiad Women-41"]
[Site "Tromsoe"]
[Date "2014.08.10"]
[Round "8.1"]
[White "Bouah, Denise"]
[Black "Mouradian, Knarik Jacob"]
[Result "1-0"]
[WhiteElo "1892"]
[BlackElo "2188"]
[PlyCount "91"]
[EventDate "2014.08.02"]
[EventType "team-swiss"]
[EventRounds "11"]
[EventCountry "NOR"]
[SourceTitle "CBM 162"]
[Source "ChessBase"]
[SourceDate "2014.09.17"]
[SourceVersion "1"]
[SourceVersionDate "2014.09.17"]
[SourceQuality "1"]
[WhiteTeam "South Africa (W)"]
[BlackTeam "Lebanon (W)"]
[WhiteTeamCountry "RSA"]
[BlackTeamCountry "LBN"]

1. e4 g6 2. d4 Bg7 3. Nc3 d5 4. exd5 Nf6 5. Nf3 Nxd5 6. Nxd5 Qxd5 7. Be2 0-0 8. 0-0 c6 9. Re1 Bg4 10. c3 h6 11. Bf4 a5 12. Qd2 Kh7 13. a4 Bxf3 14. Bxf3 Qd8 15. h4 e6 16. h5 g5 17. Qd3+ Kh8 18. Bg3 Nd7 19. Bd1 Re8 20. Bc2 f5 21. Re2 Nf8 22. Be5 Bxe5 23. Rxe5 Qd6 24. Rae1 Nd7 25. R5e3 Re7 26. Bb3 Rae8 27. R1e2 c5 28. d5 Nb6 29. c4 f4 30. Qc3+ e5 31. Rd3 Kg8 32. Rd1 Nd7 33. Bc2 b6 34. Rde1 Nf8 35. Bf5 Qf6 36. Bg4 Kg7 37. Bf3 Qf5 38. d6 Re6 39. Bc6 f3 40. Rxe5 Rxe5 41. Bxe8 Kf6 42. d7 Ne6 43. Bg6 Qf4 44. g3 Qd4 45. Qxf3+ Ke7 46. Rd1 1-0

[Event "Olympiad Women-41"]
[Site "Tromsoe"]
[Date "2014.08.04"]
[Round "3.1"]
[White "Mouradian, Knarik Jacob"]
[Black "Lyons, Kieran"]
[Result "1-0"]
[WhiteElo "2188"]
[BlackElo "1811"]
[PlyCount "59"]
[EventDate "2014.08.02"]
[EventType "team-swiss"]
[EventRounds "11"]
[EventCountry "NOR"]
[SourceTitle "CBM 162"]
[Source "ChessBase"]
[SourceDate "2014.09.17"]
[SourceVersion "1"]
[SourceVersionDate "2014.09.17"]
[SourceQuality "1"]
[WhiteTeam "Lebanon (W)"]
[BlackTeam "Fiji (W)"]
[WhiteTeamCountry "LBN"]
[BlackTeamCountry "FIJ"]

1. e4 c5 2. d3 Nc6 3. g3 e6 4. Bg2 d5 5. Nd2 Nf6 6. Ngf3 d4 7. 0-0 e5 8. Nc4 Qc7 9. a4 Be7 10. Nh4 Bg4 11. f3 Be6 12. Nf5 0-0 13. b3 Bxf5 14. exf5 Nd5 15. f4 Nc3 16. Qe1 Nb4 17. Qf2 Bf6 18. fxe5 Bxe5 19. Nxe5 Qxe5 20. Re1 Qc7 21. f6 Rfe8 22. Bf4 Qb6 23. fxg7 Re6 24. Rxe6 Qxe6 25. Re1 Qd7 26. Re5 Re8 27. Qe1 Rxe5 28. Qxe5 Nxc2 29. Bh6 Nb4 30. Qb8+ 1-0

[Event "Francophone op 2nd"]
[Site "Beirut"]
[Date "2014.06.01"]
[Round "3"]
[White "Bouaziz, Slim"]
[Black "Mouradian, Knarik Jacob"]
[Result "1/2-1/2"]
[WhiteElo "2338"]
[BlackElo "2185"]
[PlyCount "90"]
[EventDate "2014.05.31"]
[EventType "swiss"]
[EventRounds "9"]
[EventCountry "LBN"]
[SourceTitle "EXT 2015"]
[Source "ChessBase"]
[SourceDate "2014.11.20"]
[SourceVersion "1"]
[SourceVersionDate "2014.11.20"]
[SourceQuality "1"]

1. d4 Nf6 2. Nf3 g6 3. c4 Bg7 4. Nc3 d6 5. g3 0-0 6. Bg2 Na6 7. 0-0 c5 8. h3 Bd7 9. b3 Bc6 10. Be3 cxd4 11. Bxd4 Nc5 12. Rc1 Ne6 13. Bxf6 Bxf6 14. Nd5 Bg7 15. Qd2 a5 16. Rfd1 a4 17. b4 a3 18. e3 Bb2 19. Rb1 Ba4 20. Re1 Rc8 21. Bf1 b5 22. Nc3 Bxc3 23. Qxc3 bxc4 24. Qxa3 Bc6 25. Nd4 Bd5 26. Nxe6 Bxe6 27. Qc3 Qd7 28. Kh2 Ra8 29. Rb2 Rfc8 30. Bg2 Rab8 31. h4 Qa7 32. a3 h5 33. Rd2 Qa4 34. Rb1 Bf5 35. Rbb2 Be6 36. Bf3 Rc7 37. Bd1 Qa8 38. a4 Rbc8 39. a5 Qe4 40. Rd4 Qf5 41. Kg1 Qh3 42. Bf3 Ra7 43. Rdd2 Qf5 44. Kg2 Qh3+ 45. Kg1 Qf5 1/2-1/2

[Event "Asia zt 3.1 (Women)"]
[Site "Sharjah"]
[Date "2011.07.06"]
[Round "2"]
[White "Nouman, Amna"]
[Black "Mouradian, Knarik Jacob"]
[Result "0-1"]
[WhiteElo "1725"]
[BlackElo "2186"]
[PlyCount "108"]
[EventDate "2011.07.05"]
[EventType "swiss"]
[EventRounds "9"]
[EventCountry "UAE"]
[SourceTitle "CBM 143 Extra"]
[Source "ChessBase"]
[SourceDate "2011.08.29"]
[SourceVersion "1"]
[SourceVersionDate "2011.08.29"]
[SourceQuality "1"]

1. e4 d6 2. d4 g6 3. g3 Bg7 4. Bg2 Nd7 5. Ne2 e5 6. Be3 Ngf6 7. h3 0-0 8. 0-0 exd4 9. Bxd4 Re8 10. Nbc3 Nf8 11. Qd2 Bd7 12. g4 Ne6 13. Be3 h5 14. f3 Kh7 15. Rad1 Rh8 16. e5 Ne8 17. f4 hxg4 18. hxg4 Qh4 19. f5 Bxe5 20. Rf3 Bh2+ 21. Kf1 Qxg4 22. fxe6 Bxe6 23. Nf4 Bc4+ 24. Nce2 Nf6 25. Qd4 Bxe2+ 26. Nxe2 Be5 27. Qxg4 Nxg4 28. Bg1 Kg7 29. c3 Rae8 30. Nd4 f5 31. Rh3 c6 32. Nf3 Rxh3 33. Bxh3 Nf6 34. Bxa7 Ra8 35. Bd4 Bxd4 36. Rxd4 Rxa2 37. Rxd6 Rxb2 38. Ng5 Nd5 39. Ne6+ Kf7 40. Ng5+ Kg7 41. Ne6+ Kf6 42. Nd4+ Kg5 43. Ne2 Kh4 44. Bg2 Ne3+ 45. Kf2 Nxg2 46. Kxg2 Rxe2+ 47. Kf3 Re4 48. Rxg6 Rc4 49. Rg7 b5 50. Rg8 Kh5 51. Rg2 Rxc3+ 52. Kf4 Rc5 53. Rg3 b4 54. Rb3 Rb5 0-1

[Event "Asia zt 3.1 (Women)"]
[Site "Sharjah"]
[Date "2011.07.05"]
[Round "1"]
[White "Mouradian, Knarik Jacob"]
[Black "Al Khelaifi, Salama"]
[Result "1-0"]
[WhiteElo "2186"]
[BlackElo "1757"]
[PlyCount "65"]
[EventDate "2011.07.05"]
[EventType "swiss"]
[EventRounds "9"]
[EventCountry "UAE"]
[SourceTitle "CBM 143 Extra"]
[Source "ChessBase"]
[SourceDate "2011.08.29"]
[SourceVersion "1"]
[SourceVersionDate "2011.08.29"]
[SourceQuality "1"]

1. e4 d5 2. exd5 Qxd5 3. Nc3 Qd6 4. d4 Nf6 5. Nf3 a6 6. g3 Bg4 7. Bg2 Nc6 8. 0-0 0-0-0 9. d5 Ne5 10. Bf4 Bxf3 11. Bxf3 Nxf3+ 12. Qxf3 e5 13. dxe6 Qxe6 14. Bg5 Rd6 15. Rfe1 Qd7 16. Bxf6 Rxf6 17. Qe3 b6 18. Ne4 Re6 19. Qf3 Kb8 20. Rad1 Bd6 21. Nxd6 Rxe1+ 22. Rxe1 cxd6 23. Qd3 Ka7 24. Rd1 g6 25. Qxd6 Qxd6 26. Rxd6 Rf8 27. Rd7+ Kb8 28. Kf1 Rc8 29. c3 Rf8 30. h4 h5 31. Ke2 Kc8 32. Ra7 a5 33. Ra8+ 1-0

[Event "Pan-Armenian ol"]
[Site "Yerevan"]
[Date "2010.08.20"]
[Round "6"]
[White "Ajrapetian, Gevorg"]
[Black "Mouradian, Knarik Jacob"]
[Result "1-0"]
[WhiteElo "2427"]
[BlackElo "2216"]
[PlyCount "113"]
[EventDate "2010.08.15"]
[EventType "swiss"]
[EventRounds "9"]
[EventCountry "ARM"]
[SourceTitle "CBM 138 Extra"]
[Source "ChessBase"]
[SourceDate "2010.10.29"]
[SourceVersion "1"]
[SourceVersionDate "2010.10.29"]
[SourceQuality "1"]

1. e4 c5 2. Nf3 d6 3. c3 Nf6 4. Be2 Bd7 5. d3 Bc6 6. 0-0 Nbd7 7. Re1 g6 8. Nbd2 Bg7 9. Bf1 Ne5 10. d4 Nxf3+ 11. Qxf3 cxd4 12. cxd4 0-0 13. Qd3 Rc8 14. Nb3 a6 15. Bg5 Bb5 16. Qf3 Bxf1 17. Kxf1 d5 18. Bxf6 dxe4 19. Qxe4 Bxf6 20. Qxb7 Qd6 21. g3 Rc2 22. Re2 Rxe2 23. Kxe2 Bxd4 24. Nxd4 Qxd4 25. Kf1 Qd6 26. Qf3 Qd4 27. Qc3 Qd5 28. Kg1 Rd8 29. a3 Qd2 30. Qxd2 Rxd2 31. Rb1 e5 32. a4 a5 33. b4 axb4 34. Rxb4 Ra2 35. g4 h6 36. Kg2 Kg7 37. h4 Kh7 38. Kf3 Kg7 39. Ke3 Kf6 40. Rb6+ Ke7 41. Ra6 Kf8 42. f3 Ra3+ 43. Ke4 Kg7 44. Ra7 Kf6 45. Ra6+ Kg7 46. h5 g5 47. a5 Kh7 48. Kxe5 Re3+ 49. Kd5 Rxf3 50. Rb6 Rf4 51. a6 Rxg4 52. Kc6 Ra4 53. Kb7 f5 54. a7 Rxa7+ 55. Kxa7 f4 56. Ka6 Kg7 57. Kb5 1-0